Dante: Divine comedy (Vol. I), the inferno. Notes
Պահպանված է:
| Հիմնական հեղինակ: | |
|---|---|
| Ձևաչափ: | Գիրք |
| Լեզու: | Undetermined |
| Հրապարակվել է: |
Nebraska, Estados Unidos
Cliff`s Notes
1964
|
| Խորագրեր: | |
| Ցուցիչներ: |
Ավելացրեք ցուցիչ
Չկան պիտակներ, Եղեք առաջինը, ով նշում է այս գրառումը!
|
MARC
| LEADER | 00000nam a2200000Ia 4500 | ||
|---|---|---|---|
| 008 | 170316s9999 xx 000 0 und d | ||
| 999 | |c 8164 |d 8164 | ||
| 040 | |a cru BVZT | ||
| 090 | |a 850 L-5d | ||
| 100 | |a Lynn, Robert H. | ||
| 245 | |a Dante: Divine comedy (Vol. I), the inferno. Notes |c / Robert H. Lynn | ||
| 260 | |a Nebraska, Estados Unidos |b Cliff`s Notes |c 1964 | ||
| 300 | |a 86 páginas | ||
| 650 | |a LITERATURA ITALIANA |9 212 | ||
| 942 | |c 15 D |h 850 L-5d |2 z | ||
